<?xml version="1.0" encoding="UTF-8"?>
<record
    xmlns:xsi="http://www.w3.org/2001/XMLSchema-instance"
    xsi:schemaLocation="http://www.loc.gov/MARC21/slim http://www.loc.gov/standards/marcxml/schema/MARC21slim.xsd"
    xmlns="http://www.loc.gov/MARC21/slim">

  <leader>01082nam a2200181 a 4500</leader>
  <controlfield tag="001">000044360</controlfield>
  <controlfield tag="005">20201002045322.0</controlfield>
  <controlfield tag="008">140624s1989    dr a          000 j spa d</controlfield>
  <datafield tag="020" ind1=" " ind2=" ">
    <subfield code="a">978994544261</subfield>
  </datafield>
  <datafield tag="040" ind1=" " ind2=" ">
    <subfield code="a">DO-SdBNP</subfield>
    <subfield code="b">spa</subfield>
    <subfield code="c">BNPHU</subfield>
  </datafield>
  <datafield tag="245" ind1="0" ind2="0">
    <subfield code="a">Cuentos de piratas, corsarios y bandidos. /</subfield>
    <subfield code="c">edici&#xF3;n Mar&#xED;a del Mar Ravassa G.; ilustraci&#xF3;n Juan Carlos Nicholls.</subfield>
  </datafield>
  <datafield tag="260" ind1=" " ind2=" ">
    <subfield code="a">Santo Domingo, :</subfield>
    <subfield code="b">Taller</subfield>
    <subfield code="b">Coedici&#xF3;n Latinoamericana,</subfield>
    <subfield code="c">1989.</subfield>
  </datafield>
  <datafield tag="300" ind1=" " ind2=" ">
    <subfield code="a">104 p. :</subfield>
    <subfield code="b">il. ;</subfield>
    <subfield code="c">22 cm.</subfield>
  </datafield>
  <datafield tag="505" ind1="0" ind2=" ">
    <subfield code="t">Presentaci&#xF3;n</subfield>
    <subfield code="t">El Correvolando</subfield>
    <subfield code="g">Bolivia</subfield>
    <subfield code="t">Un pirata sin piedad</subfield>
    <subfield code="g">Brasil</subfield>
    <subfield code="t">La toma de Cartagena por Francis Drake</subfield>
    <subfield code="g">Colombia</subfield>
    <subfield code="t">El tesoro del monaguillo</subfield>
    <subfield code="g">Chile</subfield>
    <subfield code="t">La tortuga de Cliperton</subfield>
    <subfield code="g">Ecuador</subfield>
    <subfield code="t">Piratas en Veracruz</subfield>
    <subfield code="g">M&#xE9;xico</subfield>
    <subfield code="t">El tamborcito del pirata</subfield>
    <subfield code="g">Per&#xFA;</subfield>
    <subfield code="t">Pedro el grande, el primer pirata del Caribe</subfield>
    <subfield code="g">Rep&#xFA;blica Dominicana</subfield>
    <subfield code="t">Los corsarios de Artigas</subfield>
    <subfield code="g">Uruguay</subfield>
    <subfield code="t">Venturas y desventuras de dos piratas en tierras americanas</subfield>
    <subfield code="g">Venezuela</subfield>
  </datafield>
  <datafield tag="500" ind1=" " ind2=" ">
    <subfield code="a">La biblioteca posee la reimpresi&#xF3;n del 2008</subfield>
  </datafield>
  <datafield tag="700" ind1="1" ind2="2">
    <subfield code="a">Mar Ravassa G., Mar&#xED;a del</subfield>
    <subfield code="e">ed.</subfield>
    <subfield code="9">72368</subfield>
  </datafield>
  <datafield tag="700" ind1="1" ind2="2">
    <subfield code="a">Nicholls, Juan Carlos</subfield>
    <subfield code="e">il.</subfield>
    <subfield code="9">72369</subfield>
  </datafield>
  <datafield tag="952" ind1=" " ind2=" ">
    <subfield code="0">0</subfield>
    <subfield code="1">0</subfield>
    <subfield code="7">1</subfield>
    <subfield code="8">PD</subfield>
    <subfield code="a">PD</subfield>
    <subfield code="b">PD</subfield>
    <subfield code="c">CT</subfield>
    <subfield code="d">2014-06-24</subfield>
    <subfield code="i">LF1</subfield>
    <subfield code="l">0</subfield>
    <subfield code="o"> </subfield>
    <subfield code="p">44360-10</subfield>
    <subfield code="r">2020-06-25</subfield>
    <subfield code="w">2020-06-25</subfield>
    <subfield code="y">LFPD</subfield>
    <subfield code="Z">No se presta</subfield>
  </datafield>
  <datafield tag="999" ind1=" " ind2=" ">
    <subfield code="c">43849</subfield>
    <subfield code="d">43849</subfield>
  </datafield>
</record>
